La odisea /

Guardado en:
Autor Principal: Homero
Formato: Libro
Publicado: Argentina : Tor, 0
Materias:
Etiquetas: Agregar Etiqueta
Sin Etiquetas, Sea el primero en etiquetar este registro!
LEADER 00459nam a22001815a 4500
001 CEM.cems003280
005 19000101000000.0
008 130507b######################000#0#####d
003 CEMS
082 0 4 |a 883 
100 1 |a Homero 
245 1 0 |a La odisea /  |c Homero 
260 |a Argentina :  |b Tor, 0 
300 |a 319 p. 
653 |a Epica griega 
653 |a Literatura 
653 |a Literatura griega 
859 |a CEMS  |b BIB. CEMS - 11 de abril  |h 883  |i H752-10  |p 11691.83  |t Ej.1